=LDR 00000nam 2200000 4500 =001 INLIS000000000036979 =005 20130612142731 =008 ***********************************Ind** =035 ##$$0010-061300000036979 =041 ##$$a Ind =082 ##$$a 959.8 =090 ##$$a 959.8, Gro t =100 ##$$a Groeneveldi, W.P =245 ##$$a Nusantara dalam catatan toinghoa, W.P Groneveldt ; penerjemah, Gatot Triwira ; editor, David Kwa =260 ##$$a 2009 $b Jakarta =300 ##$$a xxiii, 214 hlm, 22 cm =650 ##$$a Sejarah Indonesia =700 ##$$a Triwira, Gatot =850 ##$$a NBPNMAT =990 ##$$a 0001/BPAP-NTB/2016